000 00581nam a2200193 c 4500
001 190465
003 ES-MaACL
005 20240111181545.0
008 210405s2018 sp a 000 p spa
020 _a978-84-17003-73-9
080 _a821.134.2-14"19"
100 1 _aGarrido, Ferran.
_9171216
245 1 0 _aReflejos /
_cFerran Garrido.
260 _a[Valencia] :
_bOlelibros,
_c[2018]
300 _a165 p. :
_bil. ;
_c21 cm.
852 4 _aES-MaACL
_jA-14666
_9197642
_bR.152218
_cDEPO1
_dOlim: N-7666
_hDonación: Editorial
942 _2udc
_cMONOGRAFIA
999 _c190465
_d190465